Statistics for AK’s General Knowledge A-Z #10

Click here to take the quiz!

General Stats

  • This quiz has been taken 560 times
  • The average score is 21 of 26

Answer Stats

HintAnswer% Correct
C – American R&B group Destiny’s ___, or someone’s offspringChild
97%
O – element with atomic number 8, needed for breathingOxygen
97%
X – abbreviation of the word ChristmasXmas
96%
Z – a park where live animals are exhibitedZoo
96%
D – a game or sport in which small, sharp-pointed missiles are thrown at a circular boardDarts
95%
Q – chess piece that is able to move several squares horizontally, vertically or diagonallyQueen
95%
R – first name of Lauren, an American fashion designer, philanthropist and billionaire, known for “Polo” menswearRalph
95%
I – this Apple product has become synonymous with tablet computers in generaliPad
94%
H – first name of movie villain Lecter, who asked Clarice Starling if the lambs had stopped screamingHannibal
92%
U – national flag of the United KingdomUnion Jack
88%
F – what is no longer lost, or what Romans did to LondonFound
87%
S – to submerge into a liquid, or something in your bathroom that requires regular cleaningSink
86%
J – first name of Owens, four-time gold medallist in the 1936 Olympics, who wasn't invited to White House due to the colour of his skinJesse (J. C.)
84%
P – St _____, who found God after being abducted by pirates and taken as a slave to IrelandPatrick
80%
T – a hit by Kesha, or a video-sharing social networking serviceTikTok
79%
G – a prefix that means global or something relating to the ground or the planet EarthGeo
76%
L – trunk of a dead tree, or a chronological record of actions, computer usage, etc.Log
73%
K – country where Almaty is the largest cityKazakhstan
72%
Y – the third longest river in the worldYangtze
72%
E – besides Liberty Island the only island that belongs to the state of New York while being completely surrounded by New JerseyEllis Island
68%
N – Guns N’Roses hit, referring to a weather phenomenon in the eleventh monthNovember Rain
66%
A – the capital of EthiopiaAddis Ababa
65%
B – actor brothers Beau and Jeff, or things that allow you to move about without a boatBridges
64%
W – Simpsons character Groundkeeper ____, a school janitor with an aggressive temperament and Scottish accentWillie
54%
M – “The Alchemist” by Paulo Coelho is set in this countryMorocco
47%
V – a large thing that is “vulkán” in Czech (don’t think Star Trek)Volcano
44%

Score Distribution

Percentile by Number Answered

Percent of People with Each Score

Your Score History

You have not taken this quiz